[Event "DVM U14 2017"]
[Site "Verden/Aller GER"]
[Date "2017.12.29"]
[Round "5"]
[White "Costa, Leonardo"]
[Black "Zyla, Lennert"]
[Result "1/2-1/2"]
[Termination "normal"]
[Board "1.3"]
[WhiteElo "1851"]
[BlackElo "1809"]
[WhiteClock "00:00:39"]
[BlackClock "00:01:14"]
[WhiteTeam "SK München Südost"]
[BlackTeam "SG Porz"]
[PlyCount "142"]
[WhiteFideId "16213955"]
[BlackFideId "12981567"]
[EventCountry "GER"]
[EventRounds "7"]
[EventType "team-swiss"]
[EventDate "2017.12.26"]

1. e4 c5 {[%clk 1:30:47]} 2. Nf3 e6 3. d4 {[%clk 1:31:43]} cxd4 {[%clk
1:31:05]} 4. Nxd4 {[%clk 1:32:07]} Nc6 {[%clk 1:30:36]} 5. c4 {[%clk 1:32:15]}
Qc7 {[%clk 1:24:39]} 6. Nc3 {[%clk 1:30:56]} a6 {[%clk 1:23:06]} 7. Be2 {[%clk
1:30:24]} Nf6 {[%clk 1:16:55]} 8. O-O {[%clk 1:30:20]} Be7 {[%clk 1:16:36]} 9.
Be3 {[%clk 1:30:12]} O-O {[%clk 1:15:33]} 10. f3 {[%clk 1:30:01]} b6 {[%clk
1:07:14]} 11. Qd2 {[%clk 1:28:41]} Rd8 {[%clk 1:01:44]} 12. Rac1 {[%clk
1:24:05]} Ne5 {[%clk 0:54:18]} 13. Rfd1 {[%clk 1:21:25]} Bb7 {[%clk 0:52:44]}
14. Kh1 {[%clk 1:13:41]} d6 {[%clk 0:49:06]} 15. Bf1 {[%clk 1:12:17]} h6 {[%clk
0:42:59]} 16. Qf2 {[%clk 1:11:17]} Rab8 {[%clk 0:42:04]} 17. a3 {[%clk
1:04:24]} Rdc8 {[%clk 0:38:17]} 18. b4 {[%clk 0:58:59]} Qd8 {[%clk 0:31:24]}
19. Na2 {[%clk 0:38:10]} Qe8 {[%clk 0:24:33]} 20. Nb3 {[%clk 0:26:55]} Qa4
{[%clk 0:16:37]} 21. Qb2 {[%clk 0:26:53]} Ba8 {[%clk 0:16:16]} 22. Bf4 {[%clk
0:25:41]} Nfd7 {[%clk 0:13:43]} 23. Nd4 {[%clk 0:22:43]} Nf8 {[%clk 0:13:07]}
24. b5 {[%clk 0:15:48]} axb5 {[%clk 0:12:01]} 25. Nxb5 Nxc4 {[%clk 0:09:52]}
26. Bxc4 {[%clk 0:14:25]} Rxc4 {[%clk 0:10:14]} 27. Nac3 {[%clk 0:14:44]} Qa5
{[%clk 0:08:23]} 28. Nxd6 {[%clk 0:13:28]} Bxd6 {[%clk 0:08:21]} 29. Bxd6
{[%clk 0:13:42]} Rbc8 {[%clk 0:07:33]} 30. Bb4 {[%clk 0:12:42]} Qe5 {[%clk
0:06:33]} 31. Qd2 {[%clk 0:11:56]} Bb7 {[%clk 0:05:56]} 32. Na4 {[%clk
0:11:05]} Rd4 {[%clk 0:04:23]} 33. Qe2 {[%clk 0:10:23]} Rxd1+ {[%clk 0:01:16]}
34. Rxd1 {[%clk 0:10:20]} b5 {[%clk 0:01:16]} 35. Nb6 {[%clk 0:09:39]} Rc6
{[%clk 0:00:53]} 36. Bxf8 {[%clk 0:07:21]} Rxb6 {[%clk 0:00:51]} 37. Bb4 {[%clk
0:07:14]} Rc6 {[%clk 0:00:42]} 38. h3 {[%clk 0:07:06]} Rc4 {[%clk 0:00:45]} 39.
Qd3 {[%clk 0:06:24]} Qc7 {[%clk 0:00:40]} 40. Qd8+ {[%clk 0:05:53]} Kh7 {[%clk
0:01:01]} 41. Qxc7 {[%clk 0:04:02]} Rxc7 {[%clk 0:01:23]} 42. Kh2 {[%clk
0:04:15]} Kg6 {[%clk 0:27:10]} 43. Rd8 {[%clk 0:33:52]} Bc8 {[%clk 0:24:58]}
44. Kg3 {[%clk 0:32:25]} Kf6 {[%clk 0:23:08]} 45. Kf4 {[%clk 0:30:29]} Rc4
{[%clk 0:19:25]} 46. Ke3 {[%clk 0:25:40]} g6 {[%clk 0:15:27]} 47. g4 {[%clk
0:23:54]} g5 {[%clk 0:09:03]} 48. Rg8 {[%clk 0:21:49]} Bb7 {[%clk 0:06:56]} 49.
Bf8 {[%clk 0:20:38]} Rc3+ {[%clk 0:06:52]} 50. Kf2 {[%clk 0:20:09]} Ke5 {[%clk
0:02:09]} 51. Bg7+ {[%clk 0:10:52]} f6 {[%clk 0:02:34]} 52. Rf8 {[%clk
0:11:14]} Rxa3 {[%clk 0:02:46]} 53. Rxf6 {[%clk 0:11:25]} Ra2+ {[%clk 0:03:11]}
54. Ke3 {[%clk 0:11:13]} Kd6 {[%clk 0:02:44]} 55. Bxh6 {[%clk 0:10:42]} Ra3+
{[%clk 0:02:01]} 56. Ke2 {[%clk 0:10:31]} Ke5 {[%clk 0:00:52]} 57. Bxg5 {[%clk
0:09:59]} b4 {[%clk 0:00:37]} 58. Rf7 {[%clk 0:09:40]} Ba6+ {[%clk 0:00:49]}
59. Kd2 {[%clk 0:09:25]} Ra2+ {[%clk 0:00:37]} 60. Kc1 {[%clk 0:09:29]} Kd4
{[%clk 0:00:40]} 61. Rc7 {[%clk 0:05:04]} Bc4 {[%clk 0:00:41]} 62. Bf6+ {[%clk
0:05:10]} Kd3 {[%clk 0:00:53]} 63. h4 {[%clk 0:05:06]} Rc2+ {[%clk 0:01:03]}
64. Kd1 {[%clk 0:05:20]} Rh2 {[%clk 0:00:37]} 65. Rd7+ {[%clk 0:05:32]} Ke3
{[%clk 0:00:47]} 66. h5 {[%clk 0:04:39]} b3 {[%clk 0:00:42]} 67. Kc1 {[%clk
0:04:32]} Bd3 {[%clk 0:00:33]} 68. Bg5+ {[%clk 0:04:10]} Ke2 {[%clk 0:00:49]}
69. h6 {[%clk 0:00:36]} b2+ {[%clk 0:00:50]} 70. Kxb2 {[%clk 0:00:57]} Kxf3+
{[%clk 0:01:14]} 71. Kc3 {[%clk 0:00:39]} Bxe4 1/2-1/2

[Event "DVM U14 2017"]
[Site "Verden/Aller GER"]
[Date "2017.12.29"]
[Round "5"]
[White "Gallasch, Robin"]
[Black "Klonov, Jakov"]
[Result "1-0"]
[Termination "normal"]
[Board "1.4"]
[WhiteElo "1682"]
[BlackElo "1262"]
[WhiteClock "00:15:25"]
[BlackClock "00:15:24"]
[WhiteTeam "SG Porz"]
[BlackTeam "SK München Südost"]
[PlyCount "133"]
[WhiteFideId "16222423"]
[BlackFideId "16211928"]
[EventCountry "GER"]
[EventRounds "7"]
[EventType "team-swiss"]
[EventDate "2017.12.26"]

1. d4 {[%clk 1:30:59]} Nf6 {[%clk 1:30:51]} 2. c4 {[%clk 1:31:24]} g6 {[%clk
1:31:11]} 3. Nc3 {[%clk 1:31:51]} Bg7 {[%clk 1:31:33]} 4. e4 {[%clk 1:32:15]}
d6 {[%clk 1:31:53]} 5. Nf3 {[%clk 1:32:41]} O-O {[%clk 1:32:14]} 6. h3 {[%clk
1:33:08]} c5 {[%clk 1:32:18]} 7. d5 {[%clk 1:33:19]} e6 {[%clk 1:32:31]} 8. Bd3
{[%clk 1:33:23]} Re8 {[%clk 1:31:49]} 9. O-O {[%clk 1:33:44]} exd5 {[%clk
1:32:00]} 10. cxd5 {[%clk 1:33:13]} Nbd7 {[%clk 1:30:52]} 11. Bf4 {[%clk
1:31:52]} Nb6 {[%clk 1:24:29]} 12. Re1 {[%clk 1:29:14]} Nh5 {[%clk 1:20:43]}
13. Bh2 {[%clk 1:29:19]} Qc7 {[%clk 1:06:48]} 14. Nb5 {[%clk 1:24:26]} Qd7
{[%clk 0:59:04]} 15. Nxd6 {[%clk 1:24:21]} Re7 {[%clk 0:54:45]} 16. Qc2 {[%clk
1:23:31]} Qa4 {[%clk 0:42:53]} 17. b3 {[%clk 1:15:37]} Qa5 {[%clk 0:37:34]} 18.
Rac1 {[%clk 1:15:51]} Nd7 {[%clk 0:31:20]} 19. g4 {[%clk 0:59:10]} Nhf6 {[%clk
0:30:25]} 20. Nd2 {[%clk 0:59:22]} Ne8 {[%clk 0:22:23]} 21. N2c4 {[%clk
0:58:33]} Qd8 {[%clk 0:20:04]} 22. Qe2 {[%clk 0:46:32]} b6 {[%clk 0:17:24]} 23.
Nxe8 {[%clk 0:33:28]} Rxe8 {[%clk 0:17:29]} 24. Nd6 {[%clk 0:33:53]} Re7 {[%clk
0:17:32]} 25. Nxc8 {[%clk 0:33:52]} Rxc8 {[%clk 0:17:38]} 26. Ba6 {[%clk
0:34:11]} Ra8 {[%clk 0:16:27]} 27. Bb7 {[%clk 0:34:31]} Nf6 {[%clk 0:15:49]}
28. Bxa8 {[%clk 0:33:09]} Qxa8 {[%clk 0:16:06]} 29. Qc4 {[%clk 0:31:22]} Qd8
{[%clk 0:15:52]} 30. Rcd1 {[%clk 0:30:17]} Qe8 {[%clk 0:15:02]} 31. e5 {[%clk
0:29:09]} Nd7 {[%clk 0:14:45]} 32. f4 {[%clk 0:28:37]} Nb8 {[%clk 0:14:31]} 33.
Kf2 {[%clk 0:25:52]} a6 {[%clk 0:13:50]} 34. Bg3 {[%clk 0:24:40]} Bh6 {[%clk
0:13:36]} 35. d6 {[%clk 0:17:23]} Rb7 {[%clk 0:13:08]} 36. e6 {[%clk 0:13:05]}
Nc6 {[%clk 0:10:53]} 37. exf7+ {[%clk 0:10:43]} Qxf7 {[%clk 0:11:04]} 38. Re8+
{[%clk 0:08:46]} Kg7 {[%clk 0:11:15]} 39. Qxf7+ {[%clk 0:09:11]} Kxf7 {[%clk
0:11:27]} 40. d7 {[%clk 0:09:26]} Bf8 {[%clk 0:11:37]} 41. d8=Q {[%clk
0:09:03]} Nxd8 {[%clk 0:11:56]} 42. Rexd8 {[%clk 0:09:28]} Re7 {[%clk 0:12:04]}
43. R8d7 {[%clk 0:09:46]} b5 {[%clk 0:11:32]} 44. Rxe7+ {[%clk 0:10:05]} Kxe7
{[%clk 0:11:50]} 45. Bh4+ {[%clk 0:09:50]} Kf7 {[%clk 0:12:02]} 46. Rd7+ {[%clk
0:10:10]} Kg8 {[%clk 0:12:02]} 47. Ke3 {[%clk 0:10:10]} Bg7 {[%clk 0:10:26]}
48. Rxg7+ {[%clk 0:10:11]} Kxg7 {[%clk 0:10:47]} 49. Be7 {[%clk 0:10:18]} c4
{[%clk 0:11:01]} 50. bxc4 {[%clk 0:10:39]} bxc4 {[%clk 0:11:25]} 51. Kd4 {[%clk
0:11:05]} Kf7 {[%clk 0:11:40]} 52. Bc5 {[%clk 0:11:12]} Ke6 {[%clk 0:11:55]}
53. Kxc4 {[%clk 0:11:37]} h6 {[%clk 0:12:11]} 54. Bf8 {[%clk 0:11:52]} h5
{[%clk 0:12:24]} 55. gxh5 {[%clk 0:12:18]} gxh5 {[%clk 0:12:45]} 56. Bh6 {[%clk
0:12:44]} Kf5 {[%clk 0:13:07]} 57. h4 {[%clk 0:12:58]} Kg4 {[%clk 0:13:14]} 58.
Bg5 {[%clk 0:13:20]} Kf5 {[%clk 0:13:34]} 59. Kd5 {[%clk 0:13:44]} a5 {[%clk
0:13:46]} 60. a4 {[%clk 0:14:07]} Kg6 {[%clk 0:14:05]} 61. Ke6 {[%clk 0:14:23]}
Kg7 {[%clk 0:14:25]} 62. f5 {[%clk 0:14:43]} Kg8 {[%clk 0:14:32]} 63. f6 {[%clk
0:14:15]} Kf8 {[%clk 0:14:42]} 64. Bh6+ {[%clk 0:14:33]} Kg8 {[%clk 0:14:58]}
65. f7+ {[%clk 0:14:54]} Kh7 {[%clk 0:15:03]} 66. f8=Q {[%clk 0:14:59]} Kg6
{[%clk 0:15:24]} 67. Qg7# {[%clk 0:15:25]} 1-0

[Event "DVM U14 2017"]
[Site "Verden/Aller GER"]
[Date "2017.12.29"]
[Round "5"]
[White "Post, Hugo"]
[Black "Sulayev, Daniel"]
[Result "1/2-1/2"]
[Termination "normal"]
[Board "2.1"]
[WhiteElo "2025"]
[BlackElo "2058"]
[WhiteClock "00:00:44"]
[BlackClock "00:01:13"]
[WhiteTeam "Reideburger SV 90 Halle"]
[BlackTeam "SV Empor Berlin"]
[PlyCount "76"]
[WhiteFideId "12962490"]
[BlackFideId "12977675"]
[EventCountry "GER"]
[EventRounds "7"]
[EventType "team-swiss"]
[EventDate "2017.12.26"]

1. e4 {[%clk 1:30:41]} c5 {[%clk 1:30:10]} 2. Nf3 {[%clk 1:30:54]} Nc6 {[%clk
1:30:25]} 3. d4 {[%clk 1:30:56]} cxd4 {[%clk 1:30:50]} 4. Nxd4 {[%clk 1:31:21]}
Nf6 {[%clk 1:30:39]} 5. Nc3 {[%clk 1:31:39]} e5 {[%clk 1:30:26]} 6. Ndb5 {[%clk
1:31:26]} d6 {[%clk 1:30:51]} 7. Nd5 {[%clk 1:28:27]} Nxd5 {[%clk 1:31:17]} 8.
exd5 {[%clk 1:28:38]} Nb8 {[%clk 1:31:42]} 9. Qf3 {[%clk 1:22:07]} a6 {[%clk
1:26:57]} 10. Qa3 {[%clk 1:18:48]} b6 {[%clk 1:25:00]} 11. Bg5 {[%clk 1:15:40]}
f6 {[%clk 1:24:55]} 12. Be3 {[%clk 1:14:00]} Bb7 {[%clk 1:19:17]} 13. Nc3
{[%clk 1:13:19]} f5 {[%clk 1:12:20]} 14. g3 {[%clk 1:04:27]} Be7 {[%clk
1:12:10]} 15. O-O-O {[%clk 1:02:38]} Nd7 {[%clk 1:10:46]} 16. f4 {[%clk
0:58:42]} O-O {[%clk 1:07:20]} 17. Be2 {[%clk 0:52:39]} b5 {[%clk 1:02:00]} 18.
Kb1 {[%clk 0:45:01]} Qc7 {[%clk 0:59:46]} 19. Rhg1 {[%clk 0:42:20]} Rae8 {[%clk
0:52:18]} 20. fxe5 {[%clk 0:22:04]} Nxe5 {[%clk 0:51:42]} 21. Bd4 {[%clk
0:22:09]} Bf6 {[%clk 0:48:05]} 22. g4 {[%clk 0:19:48]} fxg4 {[%clk 0:33:35]}
23. Bxg4 {[%clk 0:16:44]} Nc4 {[%clk 0:32:11]} 24. Qb4 {[%clk 0:16:33]} Bxd4
{[%clk 0:31:27]} 25. Rxd4 {[%clk 0:16:46]} Qb6 {[%clk 0:22:31]} 26. Rdd1 {[%clk
0:15:10]} Rf4 {[%clk 0:17:37]} 27. Ne2 {[%clk 0:10:55]} Rxg4 {[%clk 0:16:54]}
28. Rxg4 {[%clk 0:11:19]} a5 {[%clk 0:14:13]} 29. Qc3 {[%clk 0:10:50]} Re5
{[%clk 0:07:13]} 30. Rdg1 {[%clk 0:09:28]} g6 {[%clk 0:07:23]} 31. Nf4 {[%clk
0:06:51]} Bc8 {[%clk 0:04:43]} 32. R4g3 {[%clk 0:05:33]} Bf5 {[%clk 0:04:45]}
33. Kc1 {[%clk 0:01:31]} Ne3 {[%clk 0:01:26]} 34. h4 {[%clk 0:01:31]} Nxd5
{[%clk 0:01:00]} 35. Nxd5 {[%clk 0:01:39]} Rxd5 {[%clk 0:01:27]} 36. h5 {[%clk
0:00:42]} Rc5 {[%clk 0:01:38]} 37. Qf6 {[%clk 0:01:04]} Rxc2+ {[%clk 0:01:55]}
38. Kd1 {[%clk 0:00:44]} Qf2 {[%clk 0:01:13]} 1/2-1/2

[Event "DVM U14 2017"]
[Site "Verden/Aller GER"]
[Date "2017.12.29"]
[Round "5"]
[White "Breitzmann, Sander"]
[Black "Dietz, Florian"]
[Result "0-1"]
[Termination "normal"]
[Board "2.2"]
[WhiteElo "1778"]
[BlackElo "1997"]
[WhiteClock "00:16:12"]
[BlackClock "00:10:42"]
[WhiteTeam "SV Empor Berlin"]
[BlackTeam "Reideburger SV 90 Halle"]
[PlyCount "120"]
[WhiteFideId "12987085"]
[BlackFideId "12939897"]
[EventCountry "GER"]
[EventRounds "7"]
[EventType "team-swiss"]
[EventDate "2017.12.26"]

1. e4 {[%clk 1:30:46]} c5 {[%clk 1:30:44]} 2. Nf3 {[%clk 1:31:10]} Nc6 {[%clk
1:31:04]} 3. c4 {[%clk 1:31:19]} g6 {[%clk 1:31:04]} 4. Nc3 {[%clk 1:30:28]}
Bg7 {[%clk 1:31:14]} 5. Be2 {[%clk 1:30:51]} d6 {[%clk 1:31:14]} 6. O-O {[%clk
1:31:14]} Nf6 {[%clk 1:31:03]} 7. d4 {[%clk 1:24:49]} cxd4 {[%clk 1:25:58]} 8.
Nxd4 {[%clk 1:25:12]} Nxd4 {[%clk 1:23:15]} 9. Qxd4 {[%clk 1:25:18]} O-O {[%clk
1:23:33]} 10. h3 {[%clk 1:22:56]} Be6 {[%clk 1:20:40]} 11. Qe3 {[%clk 1:14:00]}
a6 {[%clk 1:09:36]} 12. Rb1 {[%clk 1:07:15]} Rc8 {[%clk 1:01:50]} 13. b3 {[%clk
1:05:45]} Qa5 {[%clk 0:36:32]} 14. Bd2 {[%clk 1:00:38]} Bd7 {[%clk 0:20:25]}
15. Rfd1 {[%clk 0:53:26]} Qc5 {[%clk 0:15:24]} 16. a4 {[%clk 0:49:42]} Bc6
{[%clk 0:12:41]} 17. Bf3 {[%clk 0:48:24]} Nd7 {[%clk 0:11:05]} 18. Nd5 {[%clk
0:39:32]} Rfe8 {[%clk 0:10:12]} 19. Bb4 {[%clk 0:34:16]} Qxe3 {[%clk 0:09:42]}
20. Nxe3 {[%clk 0:34:37]} Ne5 {[%clk 0:08:47]} 21. Nd5 {[%clk 0:29:59]} Nxf3+
{[%clk 0:09:09]} 22. gxf3 {[%clk 0:30:27]} Bxd5 {[%clk 0:09:02]} 23. Rxd5
{[%clk 0:30:45]} Be5 {[%clk 0:06:35]} 24. Ba3 {[%clk 0:29:04]} Rc6 {[%clk
0:04:59]} 25. Rbd1 {[%clk 0:27:35]} b6 {[%clk 0:04:27]} 26. Kf1 {[%clk
0:15:04]} Rec8 {[%clk 0:03:47]} 27. Ke2 {[%clk 0:14:39]} Bf4 {[%clk 0:04:03]}
28. Rg1 {[%clk 0:11:01]} f6 {[%clk 0:03:01]} 29. Rg4 {[%clk 0:09:31]} g5 {[%clk
0:02:42]} 30. h4 {[%clk 0:07:39]} h6 {[%clk 0:03:05]} 31. hxg5 {[%clk 0:06:25]}
fxg5 {[%clk 0:02:21]} 32. Rg1 {[%clk 0:03:59]} Be5 {[%clk 0:01:48]} 33. Bc1
{[%clk 0:03:33]} Rf8 {[%clk 0:01:54]} 34. Be3 {[%clk 0:02:51]} Kh7 {[%clk
0:01:34]} 35. Rh1 {[%clk 0:02:57]} Kg6 {[%clk 0:01:50]} 36. Rc1 {[%clk
0:02:18]} Bf4 {[%clk 0:01:26]} 37. a5 {[%clk 0:02:03]} Bxe3 {[%clk 0:00:54]}
38. fxe3 {[%clk 0:02:28]} e6 {[%clk 0:01:07]} 39. Rd2 {[%clk 0:02:28]} bxa5
{[%clk 0:01:18]} 40. Ra2 {[%clk 0:02:47]} Rb8 {[%clk 0:01:28]} 41. Ra3 {[%clk
0:30:47]} h5 {[%clk 0:27:14]} 42. Kd3 {[%clk 0:29:38]} h4 {[%clk 0:26:48]} 43.
Kc3 {[%clk 0:29:55]} Rf8 {[%clk 0:24:06]} 44. Rf1 {[%clk 0:27:24]} g4 {[%clk
0:17:17]} 45. f4 {[%clk 0:24:26]} Rc5 {[%clk 0:16:14]} 46. Ra2 {[%clk 0:22:52]}
g3 {[%clk 0:15:49]} 47. Rh1 {[%clk 0:23:02]} Kh5 {[%clk 0:15:12]} 48. Kd3
{[%clk 0:20:11]} Rb8 {[%clk 0:14:47]} 49. Rb1 {[%clk 0:20:16]} h3 {[%clk
0:14:58]} 50. Ke2 {[%clk 0:20:32]} h2 {[%clk 0:14:12]} 51. Kf3 {[%clk 0:20:00]}
Rxb3 {[%clk 0:13:58]} 52. Rh1 {[%clk 0:20:20]} Rxc4 {[%clk 0:12:56]} 53. Rxa5+
{[%clk 0:20:45]} Kh4 {[%clk 0:10:31]} 54. Ra2 {[%clk 0:20:50]} Kh3 {[%clk
0:09:51]} 55. Re1 {[%clk 0:15:38]} Rcc3 {[%clk 0:09:26]} 56. f5 Rxe3+ {[%clk
0:09:16]} 57. Rxe3 {[%clk 0:15:22]} h1=Q+ {[%clk 0:09:37]} 58. Kf4 {[%clk
0:15:45]} e5+ {[%clk 0:09:58]} 59. Kg5 {[%clk 0:16:07]} Rxe3 {[%clk 0:10:22]}
60. f6 {[%clk 0:16:12]} g2 {[%clk 0:10:42]} 0-1

[Event "DVM U14 2017"]
[Site "Verden/Aller GER"]
[Date "2017.12.29"]
[Round "5"]
[White "Henning, Marvin"]
[Black "Heckmann, Till"]
[Result "1-0"]
[Termination "normal"]
[Board "2.3"]
[WhiteElo "2004"]
[BlackElo "1719"]
[WhiteClock "00:23:26"]
[BlackClock "00:18:42"]
[WhiteTeam "Reideburger SV 90 Halle"]
[BlackTeam "SV Empor Berlin"]
[PlyCount "99"]
[WhiteFideId "12957399"]
[BlackFideId "12987093"]
[EventCountry "GER"]
[EventRounds "7"]
[EventType "team-swiss"]
[EventDate "2017.12.26"]

1. e4 {[%clk 1:30:51]} e6 {[%clk 1:30:50]} 2. d4 {[%clk 1:30:30]} d5 {[%clk
1:31:14]} 3. exd5 {[%clk 1:30:43]} exd5 {[%clk 1:31:38]} 4. c4 {[%clk 1:30:09]}
c6 {[%clk 1:29:23]} 5. Nf3 {[%clk 1:29:32]} Nf6 {[%clk 1:25:12]} 6. Nc3 {[%clk
1:29:15]} Bb4 {[%clk 1:19:49]} 7. Bd3 {[%clk 1:26:12]} O-O {[%clk 1:15:40]} 8.
O-O {[%clk 1:26:06]} dxc4 {[%clk 1:13:56]} 9. Bxc4 {[%clk 1:26:30]} Bg4 {[%clk
1:13:21]} 10. Be3 {[%clk 1:25:59]} Nbd7 {[%clk 1:11:00]} 11. h3 {[%clk
1:22:38]} Bh5 {[%clk 1:07:32]} 12. g4 {[%clk 1:11:18]} Bg6 {[%clk 1:01:26]} 13.
Bg5 {[%clk 1:02:27]} Qc7 {[%clk 1:00:27]} 14. Rc1 {[%clk 0:57:53]} Bxc3 {[%clk
0:51:04]} 15. bxc3 {[%clk 0:55:59]} Nd5 {[%clk 0:50:20]} 16. Bh4 {[%clk
0:42:24]} h6 {[%clk 0:37:15]} 17. Bg3 {[%clk 0:42:10]} Qd8 {[%clk 0:37:13]} 18.
Re1 {[%clk 0:40:56]} N7f6 {[%clk 0:36:17]} 19. Ne5 {[%clk 0:39:26]} Bh7 {[%clk
0:36:04]} 20. Qf3 {[%clk 0:38:04]} Re8 {[%clk 0:31:57]} 21. Bh4 {[%clk
0:30:25]} g5 {[%clk 0:25:51]} 22. Bg3 {[%clk 0:30:35]} Kg7 {[%clk 0:24:48]} 23.
h4 {[%clk 0:26:08]} Re7 {[%clk 0:19:47]} 24. Bb3 {[%clk 0:22:43]} Ne8 {[%clk
0:13:41]} 25. c4 {[%clk 0:17:03]} Ndf6 {[%clk 0:13:03]} 26. hxg5 {[%clk
0:14:15]} hxg5 {[%clk 0:13:15]} 27. Qe3 {[%clk 0:11:52]} Ne4 {[%clk 0:10:35]}
28. Bc2 {[%clk 0:10:24]} N8f6 {[%clk 0:03:29]} 29. Bh2 {[%clk 0:05:55]} c5
{[%clk 0:02:47]} 30. d5 {[%clk 0:05:05]} Qe8 {[%clk 0:01:41]} 31. f3 {[%clk
0:02:30]} Rxe5 {[%clk 0:01:19]} 32. fxe4 {[%clk 0:01:36]} Nxg4 {[%clk 0:01:14]}
33. Bxe5+ {[%clk 0:02:02]} Qxe5 {[%clk 0:01:32]} 34. Qf3 {[%clk 0:02:08]} Qh2+
{[%clk 0:01:02]} 35. Kf1 {[%clk 0:02:36]} Qh4 {[%clk 0:01:20]} 36. Qg2 {[%clk
0:02:37]} Ne3+ {[%clk 0:01:45]} 37. Rxe3 {[%clk 0:03:04]} Qf4+ {[%clk 0:02:02]}
38. Qf3 {[%clk 0:03:25]} Qh4 {[%clk 0:02:24]} 39. Re2 {[%clk 0:02:50]} g4
{[%clk 0:02:37]} 40. Qc3+ {[%clk 0:03:01]} f6 {[%clk 0:02:51]} 41. Kg1 {[%clk
0:02:50]} Rh8 {[%clk 0:01:02]} 42. Rg2 {[%clk 0:24:07]} Bg6 {[%clk 0:30:07]}
43. Rf1 {[%clk 0:22:54]} Rh5 {[%clk 0:25:14]} 44. Qg3 {[%clk 0:22:23]} Qg5
{[%clk 0:25:06]} 45. Qf4 {[%clk 0:22:29]} Kh6 {[%clk 0:18:17]} 46. Qxg5+ {[%clk
0:22:47]} Kxg5 {[%clk 0:18:34]} 47. Rh2 {[%clk 0:22:54]} g3 {[%clk 0:18:22]}
48. Rxh5+ {[%clk 0:23:17]} Bxh5 {[%clk 0:18:44]} 49. Rf5+ {[%clk 0:23:26]} Kg6
{[%clk 0:18:42]} 50. Rxh5 1-0

[Event "DVM U14 2017"]
[Site "Verden/Aller GER"]
[Date "2017.12.29"]
[Round "5"]
[White "Pysarenko, Kyrill"]
[Black "Hundrieser, Malte"]
[Result "1/2-1/2"]
[Termination "normal"]
[Board "2.4"]
[WhiteElo "1751"]
[BlackElo "2005"]
[WhiteClock "00:25:06"]
[BlackClock "00:35:59"]
[WhiteTeam "SV Empor Berlin"]
[BlackTeam "Reideburger SV 90 Halle"]
[PlyCount "86"]
[WhiteFideId "12974250"]
[BlackFideId "12997153"]
[EventCountry "GER"]
[EventRounds "7"]
[EventType "team-swiss"]
[EventDate "2017.12.26"]

1. e4 {[%clk 1:30:57]} c5 {[%clk 1:30:55]} 2. Nf3 {[%clk 1:31:22]} Nc6 {[%clk
1:31:21]} 3. c4 {[%clk 1:31:05]} g6 {[%clk 1:30:49]} 4. Nc3 {[%clk 1:30:43]}
Bg7 {[%clk 1:31:03]} 5. Be2 {[%clk 1:31:04]} d6 {[%clk 1:31:11]} 6. h3 {[%clk
1:31:20]} Nf6 {[%clk 1:31:30]} 7. d3 {[%clk 1:31:43]} O-O {[%clk 1:31:40]} 8.
O-O {[%clk 1:31:34]} Nd4 {[%clk 1:29:43]} 9. Be3 {[%clk 1:28:28]} Ne8 {[%clk
1:25:40]} 10. Qd2 {[%clk 1:25:23]} Nc7 {[%clk 1:25:26]} 11. Bh6 {[%clk
1:14:00]} Nce6 {[%clk 1:24:15]} 12. Bxg7 {[%clk 1:09:39]} Kxg7 {[%clk 1:24:32]}
13. Nxd4 {[%clk 1:08:58]} Nxd4 {[%clk 1:24:28]} 14. Bd1 {[%clk 1:09:27]} e5
{[%clk 1:21:27]} 15. Ne2 {[%clk 0:44:07]} f5 {[%clk 1:17:11]} 16. Nxd4 {[%clk
0:42:56]} cxd4 {[%clk 1:17:21]} 17. Bf3 {[%clk 0:42:21]} f4 {[%clk 1:14:50]}
18. Qe2 {[%clk 0:37:55]} Qg5 {[%clk 1:12:59]} 19. Kh2 {[%clk 0:35:54]} h5
{[%clk 1:12:17]} 20. g3 {[%clk 0:23:06]} Qf6 {[%clk 1:09:46]} 21. Rad1 {[%clk
0:10:50]} g5 {[%clk 1:05:08]} 22. Bxh5 {[%clk 0:08:11]} f3 {[%clk 1:05:24]} 23.
Qd2 {[%clk 0:08:15]} Qh6 {[%clk 1:05:41]} 24. g4 {[%clk 0:08:14]} Rf4 {[%clk
0:59:11]} 25. Rg1 {[%clk 0:06:39]} Bd7 {[%clk 0:59:34]} 26. Rg3 {[%clk
0:05:50]} Rh8 {[%clk 0:57:55]} 27. Rh1 {[%clk 0:05:54]} Be8 {[%clk 0:34:27]}
28. Bxe8 {[%clk 0:04:12]} Rxg4 {[%clk 0:34:53]} 29. Kg1 {[%clk 0:04:06]} Rxg3+
{[%clk 0:34:28]} 30. fxg3 {[%clk 0:04:35]} Rxe8 {[%clk 0:34:36]} 31. h4 {[%clk
0:02:03]} g4 {[%clk 0:20:34]} 32. Qxh6+ {[%clk 0:02:20]} Kxh6 {[%clk 0:20:37]}
33. Kf2 {[%clk 0:02:14]} Rc8 {[%clk 0:18:33]} 34. a4 {[%clk 0:01:33]} Rh8
{[%clk 0:15:14]} 35. Ra1 {[%clk 0:01:12]} Kg6 {[%clk 0:15:11]} 36. Ra3 {[%clk
0:01:02]} Kf6 {[%clk 0:15:09]} 37. b4 {[%clk 0:00:49]} Ke6 {[%clk 0:15:24]} 38.
Ra1 {[%clk 0:00:52]} Kd7 {[%clk 0:15:41]} 39. Rb1 {[%clk 0:00:42]} Kc6 {[%clk
0:15:44]} 40. Rc1 {[%clk 0:00:34]} b6 {[%clk 0:14:01]} 41. Rh1 {[%clk 0:25:49]}
Rh5 {[%clk 0:44:04]} 42. Rb1 {[%clk 0:26:04]} a6 {[%clk 0:42:30]} 43. Rc1
{[%clk 0:25:06]} Rh6 {[%clk 0:35:59]} 1/2-1/2

[Event "DVM U14 2017"]
[Site "Verden/Aller GER"]
[Date "2017.12.29"]
[Round "5"]
[White "Burian, Simon"]
[Black "Kotyk, Michael"]
[Result "1-0"]
[Termination "normal"]
[Board "3.1"]
[WhiteElo "1963"]
[BlackElo "1916"]
[WhiteTeam "SK König Plauen"]
[BlackTeam "Hamburger SK"]
[PlyCount "85"]
[WhiteFideId "12956902"]
[BlackFideId "16214501"]
[EventCountry "GER"]
[EventRounds "7"]
[EventType "team-swiss"]
[EventDate "2017.12.26"]

1. e4 c5 2. Nf3 Nc6 3. d4 cxd4 4. Nxd4 Qc7 5. c4 e6 6. Nc3 Nf6 7. Nxc6 bxc6 8.
Bd3 Bb4 9. O-O Bxc3 10. bxc3 d5 11. cxd5 cxd5 12. exd5 Nxd5 13. c4 Nf6 14. Bb2
Bb7 15. Rc1 Rd8 16. Qe2 h5 17. c5 Ng4 18. f4 Kf8 19. h3 Nf6 20. Be5 Qd7 21.
Rfd1 Nd5 22. Qf2 Bc6 23. Qg3 f6 24. Bd6+ Kf7 25. f5 h4 26. Qf2 Rh5 27. fxe6+
Qxe6 28. Re1 Qc8 29. Bc4 Qa8 30. Qe2 Rg5 31. Qe6+ Kg6 32. Bd3+ Kh6 33. Re4
Rxg2+ 34. Kxg2 Ne3+ 35. Kf2 Bxe4 36. Bxe4 Rxd6 37. cxd6 Qb8 38. Kxe3 Qb6+ 39.
Kf3 Qb2 40. Rc8 Qa3+ 41. Qb3 Qxd6 42. Rh8+ Kg5 43. Qe3+ {Aufgabe Schwarz} 1-0

[Event "DVM U14 2017"]
[Site "Verden/Aller GER"]
[Date "2017.12.29"]
[Round "5"]
[White "Goltser, Ilja"]
[Black "Ertl, Liam"]
[Result "1-0"]
[Termination "normal"]
[Board "3.2"]
[WhiteElo "1698"]
[BlackElo "1395"]
[WhiteTeam "Hamburger SK"]
[BlackTeam "SK König Plauen"]
[PlyCount "83"]
[WhiteFideId "14174782"]
[BlackFideId "12993263"]
[EventCountry "GER"]
[EventRounds "7"]
[EventType "team-swiss"]
[EventDate "2017.12.26"]

1. e4 c5 2. Nf3 Nc6 3. g3 d6 4. Bg2 Nf6 5. Qe2 e6 6. O-O Be7 7. c3 O-O 8. d4
cxd4 9. cxd4 Qc7 10. Nc3 a6 11. a4 b6 12. Rd1 Bb7 13. Bg5 Rfe8 14. Rac1 Rac8
15. Be3 Bd8 16. Nd2 Na5 17. b4 Nc4 18. Ncb1 b5 19. Na3 d5 20. e5 Nd7 21. Bf1
Qc6 22. Nb3 Kh8 23. Qh5 Rf8 24. Bd3 g6 25. Qf3 f5 26. axb5 axb5 27. Bxc4 dxc4
28. Qxc6 Bxc6 29. Nc5 Nxc5 30. dxc5 Bc7 31. Bh6 Rfd8 32. f4 Rd3 33. Rxd3 cxd3
34. Rd1 Rd8 35. Kf2 Be4 36. Nxb5 Ra8 37. Nxc7 Ra2+ 38. Ke3 Re2+ 39. Kd4 d2 40.
Kc3 Re3+ 41. Kxd2 Rd3+ 42. Ke2 {Aufgabe Schwarz} 1-0